Δικαιοπρακτικά έγγραφα στο Μανταμάδο Λέσβου (1875-1915) : οι κανονικότητες και το «ιδιαίτερο» : διπλωματική εργασία [μεταπτυχιακή]
Αποθηκεύτηκε σε:
| Κύριος συγγραφέας: | |
|---|---|
| Συγγραφή απο Οργανισμό/Αρχή: | |
| Άλλοι συγγραφείς: | |
| Μορφή: | Thesis Βιβλίο |
| Γλώσσα: | Greek |
| Δημοσίευση: |
2012.
|
| Θέματα: | |
| Διαθέσιμο Online: | http://hdl.handle.net/11610/14469 |
| Ετικέτες: |
Προσθήκη ετικέτας
Δεν υπάρχουν, Καταχωρήστε ετικέτα πρώτοι!
|
MARC
| LEADER | 00000cam a2200000 i 4500 | ||
|---|---|---|---|
| 001 | 1/34303 | ||
| 008 | 130808s2012 gr | | | |||| ||gre|| | ||
| 035 | |l 10115249 | ||
| 040 | |a GR-MyUa |b gre |e AACR2 | ||
| 041 | 0 | |a gre | |
| 082 | 7 | |a 392.5 |2 (22) | |
| 100 | 1 | |a Τσακίρη, Γεωργία. | |
| 245 | 1 | 0 | |a Δικαιοπρακτικά έγγραφα στο Μανταμάδο Λέσβου (1875-1915) : |b οι κανονικότητες και το «ιδιαίτερο» : διπλωματική εργασία [μεταπτυχιακή] / |c Γεωργία Τσακίρη ; επιβλέπουσα καθηγήτρια: Μαρία Σταματογιαννοπούλου. |
| 260 | |c 2012. | ||
| 300 | |a 122 σ. ; |c 30 εκ. | ||
| 502 | |a Διατριβή (μεταπτυχιακή) – Πανεπιστήμιο Αιγαίου, Λέσβος, 2012. | ||
| 504 | |a Βιβλιογραφία: σ. 119-122. | ||
| 650 | 0 | |a Inheritance and succession |z Greece |z Mantamados (Lesbos Island) | |
| 650 | 0 | |a Real property |z Greece |z Mantamados (Lesbos Island) | |
| 650 | 0 | |a Dowry |z Greece |z Mantamados (Lesbos Island) | |
| 650 | 0 | |a Dissertations, Academic |z Greece. | |
| 700 | 1 | |a Σταματογιαννοπούλου, Μαρία, |e dgsf | |
| 710 | 2 | |a Πανεπιστήμιο Αιγαίου. |b Σχολή Κοινωνικών Επιστημών. |b Τμήμα Κοινωνικής Ανθρωπολογίας και Ιστορίας. |b Πρόγραμμα Μεταπτυχιακών Σπουδών Κοινωνική και Ιστορική Ανθρωπολογία. | |
| 852 | |a INST |b LESVOS |c DIATR |e 20130808 |h 193 |p 005100053204 |q 005100053204 |t MTXE |y 23 | ||
| 852 | |a INST |b LESVOS |c DIATR |e 20130808 |h 194 |p 005100053203 |q 005100053203 |t MTXE |y 23 | ||
| 856 | |u http://hdl.handle.net/11610/14469 | ||
| 901 | |a BIBL1-2013-2 | ||
| 924 | |a Τσακίρη |b Γεωργία |y Λέσβος |z 2012-01 | ||
| 970 | |a ΤΖΑΦΕΡΗ |b ΕΥΑΓΓΕΛΙΑ |z 2013/08/14 | ||